000 01397nam a2200289 a 4500
001 BRCA_2450
005 20190320203821.0
008 181108s1814----enk#---###---#000-0dspa-u
041 _aspa
044 _aenk
084 _a090
_b.L33
_c1814
100 1 _aCervantes Saavedra, Miguel de
_d1547-1616
_9213
245 1 0 _aEl Ingenioso Hidalgo Don Quixote de la Mancha
_ccompuesto por Miguel de Cervantes Saavedra.
260 _aLondres
_bLackington, Allen
_c1814
300 _a4 v.
_c15 cm.
500 _aContenido : v 1. Primera parte. Retrato de Cervantes. Advertencia del editor. Nota sobre la vida y obra de Cervantes. Dedicatoria del autor. Prólogo del autor. Texto. -- v 2. Texto. -- v 3. Segunda parte. Dedicatoria del autor. Prólogo del autor. Texto. -- v 4. Texto
500 _aEdición : Nueva edición corregida por el Reverendo Felipe Fernández, natural de xerez de la Frontera
500 _aEsta edición es copia de la impresa en Londres, en 1808, con las pequeñas variantes anotadas en la portada Lúdovik Osterc
500 _aQM70
650 1 4 _aNovela española
_yÉpoca clásica, 1500-1700
_9215
650 1 4 _aLiteratura española
_yÉpoca clásica, 1500-1700
_9216
650 1 4 _aNovela española
_ySiglo XVII
_9217
650 1 4 _aDon Quijote (Personaje ficticio)
_eNovela
_9218
740 0 _aEl Ingenioso Hidalgo Don Quijote de la Mancha
902 _aQFM
942 _2lcc
_cB
999 _c2191
_d2191